| 000 | 00697 a2200181 4500 | ||
|---|---|---|---|
| 003 | Nust | ||
| 005 | 20170207153208.0 | ||
| 040 | _cNust | ||
| 082 | _a005.1 | ||
| 100 | _aMemon, Abdul Qadir ( MSCS-11) | ||
| 245 |
_aAn effective and high speed algorithm of pattern searching for instrusion detection system _cAbdul Qadir Memon |
||
| 260 |
_bMCS,NUST _c2006 _aRawalpindi |
||
| 300 | _aviii, 47, p.; | ||
| 505 | _aThesis introduction (page-1) Exact string matching algorithms (page-7) Pattern oriented IDS (page-16) Tagged pattern search algorithm (page-25) Comparison of tpsa with FNP (page-33) Conclusion (page-37) | ||
| 538 | _aAlmirah No 73 Shelf No 2 | ||
| 650 | _aPG Thesis | ||
| 651 | _aMSCS-11 | ||
| 942 | _cTHS | ||
| 999 |
_c181290 _d181290 |
||